000 01256nam a2200349Ia 4500
001 Z_7063
003 CHAP
005 20230126174300.0
008 220113s2017 xx 000 0 und d
010 _a170336
040 _cCHAP
090 _aTesis V44 2631
100 _aVega Hernández, Francisco Joaquín
_9134530
245 _aHora de corte y heneficado en las fracciones fermentables de alfalfa-pasto ovillo /
_cFrancisco Joaquín Vega Hernández
260 _aMéxico :
_bEl autor,
_c2017
300 _a52 p
502 _aTesis (Ingeniero Agrónomo Especialista en Zootecnia) -- UACh, 2017 \ Dirección: Luis Alberto Miranda Romero; asesoría: Ricardo D. Améndola Massiotti y Gilberto Aranda Osorio
650 _aAlfalfa
_93847
650 _aHenificación
_953598
650 _aHora de cosecha
_9146661
650 _aMuestreo
_9146662
650 _aPasto ovillo
_9145502
700 _a Améndola Massiotti, Ricardo D., asesor
_9138995
700 _a Aranda Osorio, Gilberto, asesor
_9142528
700 _aMiranda Romero, Luis Alberto, director
_9142173
856 4 2 _uhttp://10.13.5.2/tesis/sist114482.pdf
_yDescargar PDF
901 _aTESIS V44 2631
902 _aA
910 _a2017
942 _c2
_2ddc
942 _c2
_2ddc
999 _c170336
_d170336